Unemployment developments in the Slovak Republic
Štruktúra ekonomicky aktívneho obyvateľstva SR podľa najvyššieho dosiahnutého vzdelania (porovnanie rokov 1994, 2007, 2014). Súčasný stav na trhu práce v SR. Kľúčové faktory ovplyvňujúce zamestnanosť a nezamestnanosť.
Na minha lista:
| Autor principal: | |
|---|---|
| Formato: | Capítulo de Livro |
| Idioma: | eslovaco |
| Assuntos: | |
| Tags: |
Sem tags, seja o primeiro a adicionar uma tag!
|
MARC
| LEADER | 00000naa$a2200000$$$4500 | ||
|---|---|---|---|
| 001 | 0221866 | ||
| 005 | 20240502083549.1 | ||
| 041 | 0 | |a slo | |
| 044 | |a UA | ||
| 245 | 1 | 0 | |a Unemployment developments in the Slovak Republic |c M. Stričík |
| 520 | |a Štruktúra ekonomicky aktívneho obyvateľstva SR podľa najvyššieho dosiahnutého vzdelania (porovnanie rokov 1994, 2007, 2014). Súčasný stav na trhu práce v SR. Kľúčové faktory ovplyvňujúce zamestnanosť a nezamestnanosť. | ||
| 610 | 2 | 0 | |a zamestnanosť |
| 610 | 2 | 0 | |a nezamestnanosť |
| 610 | 2 | 0 | |a trh práce |
| 610 | 2 | 0 | |a vzdelanie |
| 610 | 2 | 0 | |a Slovensko |
| 100 | 1 | |a Stričík, Michal, 1969- | |